[Event "Las Palmas Insular-chT Segunda 1718"]
[Site "Las Palmas"]
[Date "2018.01.20"]
[Round "6.1"]
[White "Diaz Medina, Angelo"]
[Black "Schlittermann, Wolfgang"]
[Result "0-1"]
[WhiteElo "1404"]
[BlackElo "1620"]
[PlyCount "56"]
[EventDate "2017.10.28"]
[EventType "team-swiss"]
[EventRounds "9"]
[EventCountry "ESP"]
[SourceTitle "EXT 2019"]
[Source "ChessBase"]
[SourceDate "2018.10.10"]
[SourceVersion "1"]
[SourceVersionDate "2018.10.10"]
[SourceQuality "1"]
[WhiteTeam "Sociedad La Montana IV"]
[BlackTeam "Firgas"]
[WhiteTeamCountry "ESP"]
[BlackTeamCountry "ESP"]

1. e4 c5 2. Nf3 e6 3. d4 cxd4 4. Nxd4 a6 5. Nc3 Bb4 6. Bd2 Ne7 7. a3 Bc5 8. Nb3 Ba7 9. Bf4 Ng6 10. Bg3 Nc6 11. Be2 0-0 12. Bd6 Re8 13. Nc5 Qg5 14. f4 Nxf4 15. Bxf4 Qxf4 16. Nd3 Qe3 17. Qd2 Qxd2+ 18. Kxd2 f5 19. exf5 exf5 20. Nd5 Bb8 21. Nb6 Ra7 22. Rhf1 d6 23. Nxc8 Rxc8 24. Rxf5 Nd4 25. Rf2 Rxc2+ 26. Ke3 Nb3 27. Raf1 Rc8 28. Rf7 Re8+ 0-1

[Event "Las Palmas Insular-chT Segunda 1718"]
[Site "Las Palmas"]
[Date "2018.01.13"]
[Round "5.1"]
[White "Schlittermann, Wolfgang"]
[Black "Fernandez de la Hoz A, Carlos"]
[Result "0-1"]
[WhiteElo "1620"]
[BlackElo "1682"]
[PlyCount "62"]
[EventDate "2017.10.28"]
[EventType "team-swiss"]
[EventRounds "9"]
[EventCountry "ESP"]
[SourceTitle "EXT 2019"]
[Source "ChessBase"]
[SourceDate "2018.10.10"]
[SourceVersion "1"]
[SourceVersionDate "2018.10.10"]
[SourceQuality "1"]
[WhiteTeam "Firgas"]
[BlackTeam "Mogan"]
[WhiteTeamCountry "ESP"]
[BlackTeamCountry "ESP"]

1. Nf3 g6 2. c4 Bg7 3. d4 Nf6 4. Nc3 0-0 5. e3 e6 6. Be2 d5 7. cxd5 exd5 8. 0-0 c6 9. h3 Nbd7 10. b3 Re8 11. Bb2 Ne4 12. Nxe4 Rxe4 13. Qc2 Re8 14. Ne1 Nf6 15. Nd3 Bf5 16. Qd1 Ne4 17. Rc1 Rc8 18. Bg4 Bxg4 19. Qxg4 Rc7 20. Nc5 f5 21. Qe2 Nd6 22. Rc2 f4 23. Qg4 Nf5 24. Qxf4 Rf7 25. Qh2 Qf6 26. Rcc1 Bh6 27. Rce1 Nxe3 28. g3 Ref8 29. fxe3 Qxf1+ 30. Rxf1 Rxf1+ 31. Kg2 R8f2# 0-1

[Event "Las Palmas Insular-chT Segunda 1718"]
[Site "Las Palmas"]
[Date "2017.11.25"]
[Round "3.2"]
[White "Rivero Pena, Gara del Pino"]
[Black "Schlittermann, Wolfgang"]
[Result "1/2-1/2"]
[WhiteElo "1659"]
[BlackElo "1624"]
[PlyCount "107"]
[EventDate "2017.10.28"]
[EventType "team-swiss"]
[EventRounds "9"]
[EventCountry "ESP"]
[SourceTitle "EXT 2019"]
[Source "ChessBase"]
[SourceDate "2018.10.10"]
[SourceVersion "1"]
[SourceVersionDate "2018.10.10"]
[SourceQuality "1"]
[WhiteTeam "Panaderia Pulido San Mateo"]
[BlackTeam "Firgas"]
[WhiteTeamCountry "ESP"]
[BlackTeamCountry "ESP"]

1. e4 c5 2. Nf3 e6 3. c3 Nc6 4. d4 cxd4 5. Nxd4 Nf6 6. Nxc6 bxc6 7. e5 Nd5 8. Bd3 Qc7 9. Qe2 g6 10. 0-0 Bg7 11. Re1 0-0 12. Na3 Nb6 13. Nc4 Nxc4 14. Bxc4 a5 15. b3 Bb7 16. Ba3 c5 17. Rad1 Rfd8 18. Qe3 Rac8 19. Bb5 d6 20. exd6 Rxd6 21. Rxd6 Qxd6 22. Be2 Be5 23. Rd1 Qc7 24. h3 Bd5 25. Bxc5 Qxc5 26. Qxe5 Qxc3 27. Qxc3 Rxc3 28. Rd2 Kg7 29. f3 Rc1+ 30. Kf2 Rc3 31. Bd3 Kf6 32. Ke3 Ke7 33. Kd4 Rc7 34. Rc2 Rd7 35. Ke3 e5 36. Rc5 a4 37. bxa4 Kd6 38. Rc2 Bc6 39. Bb5 Bxb5 40. axb5 Rb7 41. a4 f5 42. Kd3 Kd5 43. Rb2 Kc5 44. Rc2+ Kb4 45. Rc4+ Kb3 46. Rh4 Rd7+ 47. Ke2 f4 48. a5 Kb4 49. g3 g5 50. Rg4 Rg7 51. gxf4 exf4 52. b6 Kxa5 53. b7 Rxb7 54. Rxg5+ 1/2-1/2

[Event "Gran Canaria Santana Memorial 5th"]
[Site "Gran Canaria"]
[Date "2017.02.21"]
[Round "6"]
[White "Schlittermann, Wolfgang"]
[Black "Barrera Martin, Nayra"]
[Result "1-0"]
[WhiteElo "1655"]
[BlackElo "1558"]
[PlyCount "89"]
[EventDate "2017.02.03"]
[EventType "swiss"]
[EventRounds "7"]
[EventCountry "ESP"]
[SourceTitle "CBM 177 Extra"]
[Source "ChessBase"]
[SourceDate "2017.04.27"]
[SourceVersion "1"]
[SourceVersionDate "2017.04.27"]
[SourceQuality "1"]

1. b3 e5 2. Bb2 Nc6 3. e3 Nf6 4. Bb5 d6 5. Ne2 a6 6. Bxc6+ bxc6 7. h3 g6 8. 0-0 Ne4 9. d3 Ng5 10. f4 Ne6 11. fxe5 Bg7 12. Nf4 Ng5 13. h4 Ne6 14. Qf3 dxe5 15. Nxg6 Qd7 16. Nxe5 Bxe5 17. Bxe5 Rf8 18. Nd2 Bb7 19. Ne4 0-0-0 20. Nf6 Qe7 21. Nxh7 c5 22. e4 f5 23. Nxf8 Rxf8 24. Qh3 Kb8 25. Rxf5 Rg8 26. Raf1 c4 27. bxc4 Qc5+ 28. Kh2 Bc8 29. Qf3 Qe7 30. g3 Qa3 31. Rb1+ Ka8 32. d4 Qxa2 33. Qb3 Qxb3 34. Rxb3 Rg4 35. Re3 Kb7 36. d5 Nc5 37. Rf7 Bd7 38. Rg7 Rxg7 39. Bxg7 a5 40. e5 Be8 41. e6 Ka6 42. Bd4 Nb7 43. Rf3 c5 44. dxc6 Bxc6 45. Rf6 1-0

[Event "Gran Canaria Santana Memorial 5th"]
[Site "Gran Canaria"]
[Date "2017.02.17"]
[Round "5"]
[White "Smeds, Tom"]
[Black "Schlittermann, Wolfgang"]
[Result "1-0"]
[WhiteElo "1870"]
[BlackElo "1655"]
[PlyCount "141"]
[EventDate "2017.02.03"]
[EventType "swiss"]
[EventRounds "7"]
[EventCountry "ESP"]
[SourceTitle "CBM 177 Extra"]
[Source "ChessBase"]
[SourceDate "2017.04.27"]
[SourceVersion "1"]
[SourceVersionDate "2017.04.27"]
[SourceQuality "1"]

1. c4 c6 2. Nf3 g6 3. g3 Bg7 4. Bg2 Nf6 5. 0-0 d6 6. Nc3 0-0 7. d4 Re8 8. e4 Bg4 9. h3 Bxf3 10. Bxf3 e5 11. dxe5 dxe5 12. Be3 Na6 13. a3 Nc7 14. Qb3 b6 15. Rad1 Qe7 16. Qa4 Qe6 17. Rd2 Qxh3 18. Qxc6 Rac8 19. Qa4 Ra8 20. Nd5 Ncxd5 21. cxd5 Ng4 22. Bxg4 Qxg4 23. Kg2 Red8 24. Rc1 b5 25. f3 Qxf3+ 26. Kxf3 bxa4 27. Rc4 f5 28. Rxa4 Rd7 29. Rc2 Bf8 30. b4 Rad8 31. Rxa7 fxe4+ 32. Kxe4 Rxd5 33. Bb6 R8d6 34. Bc5 Rd8 35. Bxf8 Kxf8 36. Rf2+ Kg8 37. Rff7 Rd4+ 38. Kxe5 Rd1 39. Rg7+ Kf8 40. Rxh7 R8d5+ 41. Ke4 R5d4+ 42. Kf3 R4d3+ 43. Kg2 Kg8 44. Rhg7+ Kf8 45. Rxg6 R3d2+ 46. Kh3 Rh1+ 47. Kg4 Rd4+ 48. Kf3 Rhd1 49. Rc6 R4d3+ 50. Ke4 Rd4+ 51. Ke5 Rd8 52. Kf6 Kg8 53. g4 Kh8 54. Rcc7 R1d6+ 55. Ke7 Rd3 56. Rd7 R8xd7+ 57. Rxd7 Rxa3 58. g5 Kg7 59. b5 Rb3 60. Rd5 Kg6 61. Kd7 Rc3 62. b6 Rb3 63. Kc7 Kf7 64. Rd6 Ke7 65. Rc6 Rd3 66. b7 Rd7+ 67. Kb6 Rd8 68. Ka7 Kd7 69. b8Q Rxb8 70. Kxb8 Kxc6 71. g6 1-0

[Event "Gran Canaria Santana Memorial 5th"]
[Site "Gran Canaria"]
[Date "2017.02.10"]
[Round "3"]
[White "Perez Rosales, Pedro"]
[Black "Schlittermann, Wolfgang"]
[Result "1-0"]
[WhiteElo "2083"]
[BlackElo "1655"]
[PlyCount "57"]
[EventDate "2017.02.03"]
[EventType "swiss"]
[EventRounds "7"]
[EventCountry "ESP"]
[SourceTitle "CBM 177 Extra"]
[Source "ChessBase"]
[SourceDate "2017.04.27"]
[SourceVersion "1"]
[SourceVersionDate "2017.04.27"]
[SourceQuality "1"]

1. d4 Nf6 2. Nf3 g6 3. g3 Bg7 4. Bg2 d6 5. 0-0 0-0 6. a4 c6 7. a5 Bf5 8. Nc3 Na6 9. Nh4 Be6 10. h3 Nb4 11. e4 d5 12. e5 Nd7 13. Ne2 c5 14. c3 Nc6 15. Nf4 cxd4 16. cxd4 Nxa5 17. Nxe6 fxe6 18. Qg4 Qb6 19. Rxa5 Qxa5 20. Qxe6+ Kh8 21. Qxd7 Qb6 22. Nf3 e6 23. Ng5 Rfe8 24. Nf7+ Kg8 25. Nd6 Rf8 26. Qxe6+ Kh8 27. Nf7+ Kg8 28. Nh6+ Kh8 29. Qg8+ 1-0

[Event "Las Palmas Insular-chT Primera-A 1617"]
[Site "Las Palmas"]
[Date "2017.02.04"]
[Round "10.3"]
[White "Hernandez Delgado, Christopher"]
[Black "Schlittermann, Wolfgang"]
[Result "1/2-1/2"]
[WhiteElo "1664"]
[BlackElo "1680"]
[PlyCount "122"]
[EventDate "2016.10.22"]
[EventType "team-tourn"]
[EventRounds "14"]
[EventCountry "ESP"]
[SourceTitle "EXT 2018"]
[Source "ChessBase"]
[SourceDate "2017.10.13"]
[SourceVersion "1"]
[SourceVersionDate "2017.10.13"]
[SourceQuality "1"]
[WhiteTeam "Hotel Avda de Canarias III"]
[BlackTeam "Telde Los Llanos II"]
[WhiteTeamCountry "ESP"]
[BlackTeamCountry "ESP"]

1. c4 c6 2. Nc3 g6 3. e3 Bg7 4. Nge2 Nf6 5. g3 d5 6. cxd5 cxd5 7. Bg2 e6 8. b3 0-0 9. Ba3 Re8 10. Rc1 Bd7 11. 0-0 a6 12. Nd4 Nc6 13. Nxc6 Bxc6 14. b4 Rc8 15. Qb3 d4 16. Bxc6 Rxc6 17. b5 Rc8 18. Na4 dxe3 19. dxe3 Rxc1 20. Rxc1 axb5 21. Qxb5 Qd5 22. Nc3 Qc6 23. Qxc6 bxc6 24. Na4 Bf8 25. Bxf8 Kxf8 26. Rxc6 Nd5 27. Nc3 Nb4 28. Rb6 Nd3 29. Rd6 Ne5 30. Rb6 Rc8 31. Rb3 Nf3+ 32. Kg2 Ne1+ 33. Kh1 Rd8 34. Rb1 Nd3 35. Kg1 Rc8 36. Rb3 Ne1 37. h4 Nf3+ 38. Kg2 Nd2 39. Rb2 Nc4 40. Rc2 Na3 41. Rc1 Rb8 42. Nd1 Rd8 43. Kf1 Rd2 44. Nc3 Rb2 45. Ke1 Nc2+ 46. Kd1 Nb4 47. a3 Nd3 48. Rc2 Nxf2+ 49. Kd2 Rb3 50. a4 Ra3 51. Ra2 Ne4+ 52. Kd3 Nc5+ 53. Kd4 Nb3+ 54. Kc4 Na5+ 55. Kb4 Rb3+ 56. Kxa5 Rxc3 57. Re2 Rb3 58. Ka6 Ke7 59. Rc2 f5 60. Re2 Kd7 61. Rd2+ Kc6 1/2-1/2

[Event "Gran Canaria Santana Memorial 5th"]
[Site "Gran Canaria"]
[Date "2017.02.03"]
[Round "1"]
[White "Schlittermann, Wolfgang"]
[Black "Cruz Pino, Adrian"]
[Result "1-0"]
[WhiteElo "1655"]
[BlackElo "2092"]
[PlyCount "75"]
[EventDate "2017.02.03"]
[EventType "swiss"]
[EventRounds "7"]
[EventCountry "ESP"]
[SourceTitle "CBM 177 Extra"]
[Source "ChessBase"]
[SourceDate "2017.04.27"]
[SourceVersion "1"]
[SourceVersionDate "2017.04.27"]
[SourceQuality "1"]

1. d4 e6 2. c4 f5 3. g3 Nf6 4. Bg2 c6 5. Nf3 d5 6. cxd5 cxd5 7. 0-0 Be7 8. Nc3 Nc6 9. a3 0-0 10. Bf4 a6 11. Rc1 Bd7 12. b4 Rc8 13. Ne5 Be8 14. Nf3 h6 15. Be5 Nxe5 16. Nxe5 Nd7 17. Nxd7 Qxd7 18. e3 Rc4 19. Ne2 b5 20. Nf4 a5 21. bxa5 Bxa3 22. Ra1 Ra4 23. Qb3 Bd6 24. Nxe6 Rf6 25. Nc5 Bxc5 26. Bxd5+ Bf7 27. Bxf7+ Rxf7 28. dxc5 f4 29. exf4 Rd4 30. Rad1 Kf8 31. Rxd4 Qxd4 32. Qxb5 Re7 33. c6 Qd6 34. a6 h5 35. Qxh5 Qxc6 36. Qa5 Ra7 37. Qa3+ Kg8 38. Rc1 1-0

[Event "Montana de Galdar op 1st"]
[Site "Galdar"]
[Date "2016.12.11"]
[Round "9.3"]
[White "Schlittermann, Wolfgang"]
[Black "Sosa Suarez, Carla Cristina"]
[Result "0-1"]
[WhiteElo "1679"]
[BlackElo "1828"]
[PlyCount "132"]
[EventDate "2016.12.05"]
[EventType "swiss"]
[EventRounds "9"]
[EventCountry "ESP"]
[SourceTitle "EXT 2024"]
[Source "ChessBase"]
[SourceDate "2023.10.10"]
[SourceVersion "1"]
[SourceVersionDate "2023.10.10"]
[SourceQuality "1"]

1. Nf3 e6 2. c4 f5 3. e3 Nf6 4. Nc3 Be7 5. Be2 c6 6. d4 d5 7. Ne5 0-0 8. h3 Ne4 9. Bd2 Nd7 10. 0-0 Nxe5 11. dxe5 Qc7 12. f4 Bd7 13. Rc1 Qd8 14. Be1 Bc5 15. Rf3 Rc8 16. Nxe4 fxe4 17. Rg3 Qb6 18. Rc3 a5 19. Rb3 Qa7 20. Kh1 Rcd8 21. Qc1 a4 22. Rc3 d4 23. exd4 Bxd4 24. Rc2 c5 25. Rg4 Be8 26. Bh4 Rd7 27. Bf6 Bg6 28. Bh4 e3 29. Rxg6 hxg6 30. Bg4 Qb6 31. Qd1 Rxf4 32. Qd3 Bxe5 33. Qe2 Qd6 34. Bg3 Rxg4 35. Bxe5 Qd1+ 36. Kh2 Re4 37. Bc3 Qd6+ 38. Kh1 Rf7 39. Rc1 Rf2 40. Qe1 Qg3 41. Qg1 Rh4 42. Qh2 Qxh2+ 43. Kxh2 Rxc4 44. Rd1 Rf7 45. Re1 Re4 46. Kg1 b5 47. Re2 b4 48. Be1 Kf8 49. Bg3 Ke7 50. Bc7 Kd7 51. Bg3 Kc6 52. Be1 Kb5 53. Rc2 c4 54. Re2 Rd7 55. Kh2 Rd1 56. Kg3 Ra1 57. Kf3 Rd4 58. Kxe3 Rd3+ 59. Kf2 Rd6 60. Re5+ Rd5 61. Rxe6 Rxa2 62. Rxg6 Rxb2+ 63. Kg3 a3 64. Rxg7 a2 65. Ra7 Rd1 66. Bf2 a1Q 0-1

[Event "Las Palmas Insular-chT Pref-B"]
[Site "Las Palmas"]
[Date "2016.01.16"]
[Round "9.3"]
[White "Perez Brito, Avelino"]
[Black "Schlittermann, Wolfgang"]
[Result "1/2-1/2"]
[WhiteElo "1826"]
[BlackElo "1724"]
[PlyCount "99"]
[EventDate "2015.10.17"]
[EventType "team-tourn"]
[EventRounds "14"]
[EventCountry "ESP"]
[SourceTitle "CBM 170 Extra"]
[Source "ChessBase"]
[SourceDate "2016.02.25"]
[SourceVersion "1"]
[SourceVersionDate "2016.02.25"]
[SourceQuality "1"]
[WhiteTeam "Anand"]
[BlackTeam "Telde Los Llanos"]
[WhiteTeamCountry "ESP"]
[BlackTeamCountry "ESP"]

1. c4 Nf6 2. Nc3 g6 3. Nf3 Bg7 4. g3 c6 5. Bg2 0-0 6. 0-0 d5 7. cxd5 Nxd5 8. Nxd5 cxd5 9. d4 Nc6 10. Bf4 Qb6 11. Qd2 Nxd4 12. Nxd4 Qxd4 13. Qxd4 Bxd4 14. Bxd5 Bxb2 15. Rab1 Bd4 16. Bxb7 Bxb7 17. Rxb7 e5 18. Bh6 Rfc8 19. Rfb1 Bb6 20. Rd1 Rc7 21. Rd7 Rxb7 22. Rxb7 Bc5 23. Kg2 Bf8 24. Be3 a6 25. Rb6 h6 26. a4 Kg7 27. f3 Be7 28. h4 Bd8 29. Rc6 Be7 30. Kf1 Bb4 31. Bc1 a5 32. Bb2 Re8 33. Bc3 Bxc3 34. Rxc3 Ra8 35. Rc6 Ra7 36. Kf2 f6 37. Ke3 f5 38. Kf2 Kf7 39. e3 Kg7 40. Ke2 Kf7 41. Kd3 Kg7 42. Kc4 Rb7 43. Ra6 Rb4+ 44. Kd5 e4 45. fxe4 Rxe4 46. Rxa5 Rxe3 47. Ra7+ Kf6 48. Ra6+ Kf7 49. Ra7+ Kf6 50. Ra6+ 1/2-1/2

[Event "Las Palmas Insular-chT Pref-B"]
[Site "Las Palmas"]
[Date "2016.01.09"]
[Round "8.3"]
[White "Schlittermann, Wolfgang"]
[Black "Ramirez Maillo, Cristian"]
[Result "0-1"]
[WhiteElo "1724"]
[BlackElo "1609"]
[PlyCount "144"]
[EventDate "2015.10.17"]
[EventType "team-tourn"]
[EventRounds "14"]
[EventCountry "ESP"]
[SourceTitle "CBM 170 Extra"]
[Source "ChessBase"]
[SourceDate "2016.02.25"]
[SourceVersion "1"]
[SourceVersionDate "2016.02.25"]
[SourceQuality "1"]
[WhiteTeam "Telde Los Llanos"]
[BlackTeam "La Caja de Canarias II"]
[WhiteTeamCountry "ESP"]
[BlackTeamCountry "ESP"]

1. Nf3 Nf6 2. d4 c5 3. c3 b6 4. e3 e6 5. g3 Bb7 6. Bg2 Be7 7. 0-0 0-0 8. Nbd2 Qc7 9. Re1 d5 10. b3 Nbd7 11. Ba3 Rac8 12. Rc1 Qb8 13. c4 Rfd8 14. cxd5 Nxd5 15. dxc5 Nxc5 16. Bxc5 Bxc5 17. Qe2 Nb4 18. Red1 Nxa2 19. Rc2 Nb4 20. Rcc1 Nd3 21. Rb1 Rc7 22. Nc4 Rcd7 23. Qc2 Be4 24. Nfe5 Nb4 25. Nxd7 Bxc2 26. Nxb8 Bxd1 27. Nc6 Nxc6 28. Bxc6 Bc2 29. Rb2 Bf5 30. Kg2 Be7 31. Ra2 a5 32. e4 Rc8 33. exf5 Rxc6 34. Re2 Bc5 35. fxe6 Rxe6 36. Rd2 h6 37. Rd5 g6 38. Nxa5 Re2 39. Nb7 Rxf2+ 40. Kh3 Rc2 41. Rd8+ Kg7 42. Rc8 Rc3 43. Nxc5 Rxc5 44. Rd8 Rc3 45. b4 Rc4 46. b5 Rc5 47. Rd7 Rxb5 48. Rb7 h5 49. Kg2 Rb2+ 50. Kg1 Kf6 51. Rd7 Ke6 52. Rd1 f5 53. Rc1 Kf6 54. Rc6+ Kg7 55. h3 b5 56. Kh1 b4 57. Rb6 g5 58. Kg1 b3 59. Kh1 Kf7 60. Kg1 Ke7 61. Kh1 Kd7 62. Rb4 Kc6 63. Rb8 Kd5 64. Rb4 Kc5 65. Rb8 Kd4 66. Rc8 Rc2 67. Rd8+ Ke3 68. Re8+ Kf3 69. Re1 b2 70. Rf1+ Kxg3 71. Rg1+ Kxh3 72. Rxg5 b1Q+ 0-1

[Event "Las Palmas Insular-chT Pref-B"]
[Site "Las Palmas"]
[Date "2015.12.19"]
[Round "7.3"]
[White "Garcia Caballero, Luis"]
[Black "Schlittermann, Wolfgang"]
[Result "1/2-1/2"]
[WhiteElo "1774"]
[BlackElo "1724"]
[PlyCount "48"]
[EventDate "2015.10.17"]
[EventType "team-tourn"]
[EventRounds "14"]
[EventCountry "ESP"]
[SourceTitle "CBM 170 Extra"]
[Source "ChessBase"]
[SourceDate "2016.02.25"]
[SourceVersion "1"]
[SourceVersionDate "2016.02.25"]
[SourceQuality "1"]
[WhiteTeam "Drago de Sataute Centro Goya III"]
[BlackTeam "Telde Los Llanos"]
[WhiteTeamCountry "ESP"]
[BlackTeamCountry "ESP"]

1. e4 c5 2. Nf3 d6 3. d4 cxd4 4. Nxd4 Nf6 5. Nc3 g6 6. Bg5 Bg7 7. Qd2 0-0 8. 0-0-0 Nc6 9. Nb3 a6 10. f3 b5 11. Bh6 Bb7 12. Bxg7 Kxg7 13. g4 Rc8 14. h4 h5 15. Nd5 hxg4 16. Nxf6 exf6 17. fxg4 Ne5 18. Qf4 Rh8 19. Be2 Qe7 20. Nd4 Nc6 21. h5 Nxd4 22. h6+ Kh7 23. Rxd4 Qe5 24. Qe3 Rhe8 1/2-1/2

[Event "Gran Canaria Santana Memorial 4th"]
[Site "Gran Canaria"]
[Date "2015.12.09"]
[Round "8"]
[White "Molina Rodriguez, Jose"]
[Black "Schlittermann, Wolfgang"]
[Result "0-1"]
[WhiteElo "1070"]
[BlackElo "1724"]
[PlyCount "50"]
[EventDate "2015.11.20"]
[EventType "swiss"]
[EventRounds "9"]
[EventCountry "ESP"]
[SourceTitle "EXT 2017"]
[Source "ChessBase"]
[SourceDate "2016.10.25"]
[SourceVersion "1"]
[SourceVersionDate "2016.10.25"]
[SourceQuality "1"]

1. e4 c5 2. Nf3 g6 3. Bc4 e6 4. d3 Bg7 5. 0-0 Ne7 6. c3 a6 7. a4 Nbc6 8. Bg5 b6 9. Qd2 Bb7 10. Bh6 0-0 11. Re1 d5 12. Bxg7 Kxg7 13. exd5 exd5 14. Ba2 Qc7 15. d4 c4 16. b4 cxb3 17. Bxb3 Na5 18. Ba2 Rfe8 19. Qd3 Rac8 20. Nbd2 Qxc3 21. Qxc3 Rxc3 22. Ne5 Nf5 23. Rac1 Rxc1 24. Rxc1 Nxd4 25. Rc7 Rxe5 0-1

[Event "Las Palmas Insular-chT Pref-B"]
[Site "Las Palmas"]
[Date "2015.12.05"]
[Round "5.3"]
[White "Rivero Pena, Gara del Pino"]
[Black "Schlittermann, Wolfgang"]
[Result "1/2-1/2"]
[WhiteElo "1419"]
[BlackElo "1724"]
[PlyCount "72"]
[EventDate "2015.10.17"]
[EventType "team-tourn"]
[EventRounds "14"]
[EventCountry "ESP"]
[SourceTitle "CBM 170 Extra"]
[Source "ChessBase"]
[SourceDate "2016.02.25"]
[SourceVersion "1"]
[SourceVersionDate "2016.02.25"]
[SourceQuality "1"]
[WhiteTeam "Panaderia Pulido San Mateo"]
[BlackTeam "Telde Los Llanos"]
[WhiteTeamCountry "ESP"]
[BlackTeamCountry "ESP"]

1. e4 c5 2. Nf3 Nc6 3. Bb5 Qc7 4. c3 a6 5. Bxc6 Qxc6 6. Qe2 d6 7. 0-0 Bg4 8. d4 cxd4 9. cxd4 Rc8 10. Nc3 g6 11. Be3 Bg7 12. Rac1 Qc4 13. Qd1 Qc7 14. h3 Bd7 15. Nd5 Qd8 16. Rxc8 Bxc8 17. Qb3 Nf6 18. Nxf6+ exf6 19. Rc1 0-0 20. d5 Qe7 21. Nd2 f5 22. exf5 Bxf5 23. Bb6 Qe5 24. g4 Bd7 25. Rc2 Qe1+ 26. Kg2 Bh6 27. Be3 Bxe3 28. Qxe3 Qd1 29. Rc7 Re8 30. Qf3 Qxf3+ 31. Kxf3 Rd8 32. Rxb7 Bb5 33. Rb6 Rc8 34. Rxd6 Rc2 35. Ne4 Rxb2 36. Nc3 Bc4 1/2-1/2

[Event "Gran Canaria Santana Memorial 4th"]
[Site "Gran Canaria"]
[Date "2015.12.04"]
[Round "7"]
[White "Schlittermann, Wolfgang"]
[Black "Julien Casteleiro, Ariel"]
[Result "0-1"]
[WhiteElo "1724"]
[BlackElo "1598"]
[PlyCount "80"]
[EventDate "2015.11.20"]
[EventType "swiss"]
[EventRounds "9"]
[EventCountry "ESP"]
[SourceTitle "EXT 2019"]
[Source "ChessBase"]
[SourceDate "2018.10.10"]
[SourceVersion "1"]
[SourceVersionDate "2018.10.10"]
[SourceQuality "1"]

1. d4 d5 2. e3 Bf5 3. c4 c6 4. Nc3 e6 5. a3 Nf6 6. h3 Nbd7 7. Nf3 Be7 8. cxd5 exd5 9. Be2 Qc7 10. b4 0-0 11. Bb2 Ne4 12. Rc1 Qb8 13. Nxe4 Bxe4 14. 0-0 a6 15. Nd2 Nf6 16. Nf3 Bd6 17. Qd2 h6 18. Qc3 Re8 19. Nd2 Qd8 20. Bf3 Rc8 21. Bxe4 Nxe4 22. Nxe4 Rxe4 23. f3 Rh4 24. f4 Qf6 25. Rf3 Re8 26. Rcf1 g5 27. fxg5 Qxg5 28. Bc1 Ree4 29. Bd2 Qg6 30. Rf6 Qg3 31. R1f3 Qh2+ 32. Kf2 Rh5 33. R6f5 Rg5 34. Rxg5+ hxg5 35. Qd3 g4 36. hxg4 Rxg4 37. Ke2 Rxg2+ 38. Kd1 Qh1+ 39. Kc2 Rxd2+ 40. Qxd2 Qxf3 0-1

[Event "Las Palmas Insular-chT Pref-B"]
[Site "Las Palmas"]
[Date "2015.11.28"]
[Round "4.3"]
[White "Schlittermann, Wolfgang"]
[Black "Grube, Kurt Heinz"]
[Result "1/2-1/2"]
[WhiteElo "1724"]
[BlackElo "1744"]
[PlyCount "45"]
[EventDate "2015.10.17"]
[EventType "team-tourn"]
[EventRounds "14"]
[EventCountry "ESP"]
[SourceTitle "CBM 170 Extra"]
[Source "ChessBase"]
[SourceDate "2016.02.25"]
[SourceVersion "1"]
[SourceVersionDate "2016.02.25"]
[SourceQuality "1"]
[WhiteTeam "Telde Los Llanos"]
[BlackTeam "El Puerto de Santa Lucia"]
[WhiteTeamCountry "ESP"]
[BlackTeamCountry "ESP"]

1. d4 c5 2. d5 d6 3. c4 Nf6 4. Nc3 g6 5. g3 Bg7 6. Bg2 0-0 7. e4 a6 8. Nge2 Bd7 9. a4 a5 10. Qb3 Na6 11. 0-0 Nb4 12. Qd1 Qc8 13. f3 h5 14. Bg5 Re8 15. h4 Nh7 16. Be3 Bh3 17. Qd2 Bxg2 18. Kxg2 Nf6 19. Rad1 Nd7 20. f4 Nf6 21. f5 Ng4 22. fxg6 fxg6 23. Nf4 1/2-1/2

[Event "Gran Canaria Santana Memorial 4th"]
[Site "Gran Canaria"]
[Date "2015.11.23"]
[Round "2"]
[White "Manchon Santana, Alberto"]
[Black "Schlittermann, Wolfgang"]
[Result "1-0"]
[WhiteElo "1936"]
[BlackElo "1724"]
[PlyCount "75"]
[EventDate "2015.11.20"]
[EventType "swiss"]
[EventRounds "9"]
[EventCountry "ESP"]
[SourceTitle "EXT 2017"]
[Source "ChessBase"]
[SourceDate "2016.10.25"]
[SourceVersion "1"]
[SourceVersionDate "2016.10.25"]
[SourceQuality "1"]

1. d4 Nf6 2. c4 g6 3. Nc3 Bg7 4. e4 d6 5. Nf3 Bg4 6. Be2 0-0 7. Be3 Na6 8. Nd2 Bxe2 9. Qxe2 c5 10. d5 Qb6 11. Rb1 Qd8 12. 0-0 Nc7 13. e5 dxe5 14. Bxc5 Nd7 15. Be3 f5 16. f3 b6 17. Rfd1 Rb8 18. Rbc1 a6 19. b4 Nf6 20. Nb3 Qe8 21. Rc2 Qf7 22. Rcd2 Rfd8 23. a4 e4 24. fxe4 fxe4 25. Nd4 Rb7 26. Rf1 Qe8 27. Nc6 Rc8 28. Bd4 Qd7 29. Nxe4 Nce8 30. Ng5 Rxc6 31. dxc6 Qxc6 32. Qe6+ Qxe6 33. Nxe6 Nd6 34. Nxg7 Nxc4 35. Rc2 e5 36. Rxc4 exd4 37. Rxf6 Kxg7 38. Rfc6 1-0

[Event "Las Palmas Montalvo Memorial 8th"]
[Site "Las Palmas"]
[Date "2015.03.30"]
[Round "1"]
[White "Roeder, Mathias"]
[Black "Schlittermann, Wolfgang"]
[Result "1-0"]
[WhiteElo "2418"]
[BlackElo "1724"]
[PlyCount "57"]
[EventDate "2015.03.30"]
[EventType "swiss"]
[EventRounds "9"]
[EventCountry "ESP"]
[SourceTitle "EXT 2016"]
[Source "ChessBase"]
[SourceDate "2015.10.08"]
[SourceVersion "1"]
[SourceVersionDate "2015.10.08"]
[SourceQuality "1"]

1. Nf3 d5 2. c4 c6 3. e3 Nf6 4. Nc3 g6 5. d4 Bg7 6. Be2 Bg4 7. cxd5 Nxd5 8. Bd2 0-0 9. 0-0 Nd7 10. Nxd5 cxd5 11. Qb3 Qb6 12. Qxd5 Qxb2 13. Rab1 Bxf3 14. Bxf3 Qxd2 15. Qxd7 Qxa2 16. Qxe7 a5 17. Qxb7 Rab8 18. Qe4 Rfe8 19. Ra1 Qd2 20. Qd5 Bh6 21. Qxa5 Bxe3 22. fxe3 Qxe3+ 23. Kh1 Qxd4 24. Rad1 Qg7 25. Rd7 Rf8 26. Bd5 Qf6 27. Qe1 Rbe8 28. Rxf7 Rxe1 29. R7xf6+ 1-0

[Event "Las Palmas Insular-chT Pref-B"]
[Site "Las Palmas"]
[Date "2015.03.07"]
[Round "9.1"]
[White "Ramirez Maillo, Juan Adonay"]
[Black "Schlittermann, Wolfgang"]
[Result "1-0"]
[WhiteElo "1865"]
[BlackElo "1731"]
[PlyCount "80"]
[EventDate "2014.11.22"]
[EventType "team-tourn"]
[EventRounds "14"]
[EventCountry "ESP"]
[SourceTitle "EXT 2016"]
[Source "ChessBase"]
[SourceDate "2015.10.08"]
[SourceVersion "1"]
[SourceVersionDate "2015.10.08"]
[SourceQuality "1"]
[WhiteTeam "Victoria Real"]
[BlackTeam "La Bagacera II"]
[WhiteTeamCountry "ESP"]
[BlackTeamCountry "ESP"]

1. e4 g6 2. d4 Bg7 3. Nc3 d6 4. Be3 c6 5. Qd2 b5 6. f3 a6 7. a4 Bb7 8. Bd3 Nd7 9. h4 h5 10. Nh3 e5 11. d5 b4 12. dxc6 Bxc6 13. Na2 a5 14. Bc4 Qxh4+ 15. Bf2 Qe7 16. Rd1 Bf8 17. Ng5 Nh6 18. Bh4 f6 19. Ne6 Nb6 20. Bb3 g5 21. Bf2 Nxa4 22. Nxf8 Rxf8 23. Qxd6 Qxd6 24. Rxd6 Bb5 25. Rxh5 Ng8 26. Bxg8 Rxg8 27. b3 Nc3 28. Nxc3 bxc3 29. Rxf6 a4 30. bxa4 Rxa4 31. Bb6 Ra2 32. Rh7 Bc4 33. Rc6 Bf7 34. Rc8+ Kd7 35. Rxg8 Ke6 36. Rxg5 Rxc2 37. Rh6+ Kd7 38. Rxe5 Rb2 39. Rc5 c2 40. Rc7+ Ke8 1-0